Normal view
MARC view
Entry Topical Term
001 - CONTROL NUMBER
- control field: 25732
003 - CONTROL NUMBER IDENTIFIER
- control field: OSt
005 - DATE AND TIME OF LATEST TRANSACTION
- control field: 20210727120140.0
008 - FIXED-LENGTH DATA ELEMENTS
- fixed length control field: 210727|| aca||aabn | a|a d
040 ## - CATALOGING SOURCE
- Original cataloging agency: OSt
- Transcribing agency: OSt
150 ## - HEADING--TOPICAL TERM
- Topical term or geographic name entry element: COVID-19, Government financial management, Fiscal federalism, South Korea, United States
670 ## - SOURCE DATA FOUND
- Source citation: Work cat.: (OSt): Park, Sungho, Maher, Craig S. 25731, Government financial management and the Coronavirus pandemic: A comparative look at South Korea and the united states
